| 000 | 00771nam a2200229 a 4500 | ||
|---|---|---|---|
| 003 | CO-ViMGA | ||
| 005 | 20230915232205.0 | ||
| 008 | 061230s2001 nyua jr 0001f0spa d | ||
| 020 | _a0439237610 | ||
| 040 |
_aCO-ViMGA _bspa _cCO-ViMGA |
||
| 043 | _an-us--- | ||
| 082 | 0 | 4 |
_a813.5 _bM85c2 _221 ed. |
| 100 | 1 |
_aMuñoz Ryan, Pam. _9298 |
|
| 245 | 1 | 3 |
_aUn caballo llamado libertad / _cescrito por Pam Muñoz Ryan ; dibujos por Brian Selznick ; traducción Nuria Molinero. |
| 260 | 3 |
_aNew York : _bScholastic, _c2001. |
|
| 300 |
_a140 p. : _bil. ; _c20 cm. |
||
| 650 | 1 | 4 |
_aCaballos _v Novela juvenil. _91576 |
| 650 | 1 | 4 |
_aNovela juvenil estadounidense. _91575 |
| 700 | 1 | 2 |
_aMolinero, Nuria, _etr. _91577 |
| 700 | 1 | 2 |
_aSelznick, Brian, _d1966- _91578 |
| 942 |
_2ddc _cBK |
||
| 999 |
_c33538 _d33538 |
||